000 01143naa a22002897a 4500
001 BR6009865
003 BR-BrBNA
005 20240918173119.0
007 ta
008 230509b bl.||||| |||| 00| 0 por d
040 _aBR-BrBNA
_bpor
_cBiblioteca Nacional de Agricultura
041 _a(Pt)
072 _aE10
_b2120
_b9910
_bG514
090 _aE10 BR6009865
100 1 _aCardoso, F.M.
111 1 _aMesas Redondas do Algodao, do Cafe e da Conservacao do Solo
_cSao Paulo, SP (Brazil)
_d1948
245 1 _aPlanning or plotting. O Plano Salte na Mesa Redonda do Cafe [Economia agricola; Coffea arabica; Cafe tratado; Brasil]
260 3 _aSao Paulo, SP (Brasil):
_c1950.
500 _aAnais das Mesas Redondas do Algodao, do Cafe e da Conservacao do Solo Sao Paulo, SP (Brasil): 1950. p. 143-164 (BR6009865-AM)E10
650 _aMacroeconomia
650 _aCafe
650 _aCafe tratado
650 _aEconomia agricola
773 0 _tAnais das Mesas Redondas do Algodao, do Cafe e da Conservacao do Solo
_b
_wE10 BR6009865
_gSao Paulo, SP (Brasil), 1950. p. 143-164
909 _a202404
_bLucia
_c55
_dLucia Elande
942 _cAM
_2AGRIS
999 _c302946
_d302946